| 000 | 00864nam a2200265 a 4500 | ||
|---|---|---|---|
| 005 | 20160201131823.0 | ||
| 008 | 140304b1995 ck ||||| |||| 00| 0 spa d | ||
| 040 |
_aCO-BoIAVH _cCO-BoIAVH |
||
| 041 | _aspa | ||
| 044 | _ack | ||
| 090 |
_aLB _b02079 |
||
| 100 | 1 | _aHerrera, Diego | |
| 245 | 1 | 0 | _aEvaluación del impacto de la explotación forestal en el resguardo indígena Embera del río Chajerado, municipio de Murindó |
| 260 |
_aMedellín: _bUniversidad de Antioquia, _c1995. |
||
| 300 | _a52 página. | ||
| 650 | 1 | _aEvaluación de impacto ambiental | |
| 650 | 1 | _aAprovechamiento forestal | |
| 650 | 1 | _aComunidades indígenas | |
| 650 | _aComunidad Embera | ||
| 650 | 1 | _aCacería | |
| 650 | 1 | _aComercio | |
| 700 | 1 | _aGálvez, Aida | |
| 700 | 1 | _aTurbay, Sandra | |
| 942 |
_cINFORME _2z |
||
| 999 |
_c2255 _d2255 |
||